Đi tìm tuổi đất tuổi trời

Gorde:
Xehetasun bibliografikoak
Formatua: Liburua
Hizkuntza:Undetermined
Argitaratua: Hà Nội Thanh Niên 1999
Gaiak:
Etiketak: Etiketa erantsi
Etiketarik gabe, Izan zaitez lehena erregistro honi etiketa jartzen!
Thư viện lưu trữ: Trung tâm Học liệu Trường Đại học Cần Thơ
LEADER 00401nam a2200145Ia 4500
001 CTU_40015
008 210402s9999 xx 000 0 und d
082 |a 500 
082 |b Đ300 
245 0 |a Đi tìm tuổi đất tuổi trời 
260 |a Hà Nội 
260 |b Thanh Niên 
260 |c 1999 
650 |a knowledge,science 
980 |a Trung tâm Học liệu Trường Đại học Cần Thơ